| 000 | 00529nam a2200181Ia 4500 | ||
|---|---|---|---|
| 008 | 151018s9999 xx 000 0 und d | ||
| 082 |
_bRBASDV36229 _a914.919 |
||
| 100 | _aमीना - प्रभू | ||
| 245 | _aचिनीमाती | ||
| 250 | _b1 | ||
| 260 |
_bपुणे प्रकाशन _c2003 |
||
| 300 | _a363 | ||
| 600 | _aमीना - प्रभू | ||
| 630 | _aचिनीमाती | ||
| 700 | _aमीना - प्रभू | ||
| 730 | _aचिनीमाती | ||
| 942 | _cBOOK | ||
| 999 |
_c1035691 _d1035688 |
||